000 00890nam a22002657a 4500
001 BR7705451
003 BR-BrBNA
005 20230928085442.0
007 ta
008 230509b bl.||||| |||| 00| 0 por d
040 _aBR-BrBNA
_bpor
_cBiblioteca Nacional de Agricultura
041 _a(Por)
072 _aD50; E15
_b/G514
090 _ D50 BR7705451
110 1 _aSuperintendencia da Zona Franca de Manaus, AM (Brasil);
_910029
110 1 _aAssociacao de Credito e Assistencia Rural do Amazonas, Manaus (Brasil)
245 1 _aProjeto de estatutos de uma cooperativa de produtores do Distrito Agropecuario da Superintendencia da Zona Franca de Manaus [Amazonas, Brasil]
260 3 _aManaus, AM (Brasil):
_c1977.
300 _a40 p.
650 _aCOOPERATIVA DE PRODUTORES
650 _aESTATUTO
650 _aAMAZONAS
909 _a202309
_bLucia
_c55
_dLucia Elande
942 _cBK
999 _c24502
_d24502